| 000 | 00513nam a2200169Ia 4500 | ||
|---|---|---|---|
| 001 | 64906 | ||
| 008 | 211115n ii |||gr||||Z||||||465 | ||
| 020 | _a9788132111382 | ||
| 082 | _a305.40954 | ||
| 100 |
_aDeka, Meeta, _eAuthor. |
||
| 245 | 0 |
_aWomen`s agency and social change : _b: Assam and beyond / _cMeeta Deka . _hTextual Documents |
|
| 260 |
_aNew Delhi: _bSage Publications India Pvt. Ltd., _c2013. |
||
| 300 |
_axxvii,200p.: _c22cm. |
||
| 653 | _aSocial change | ||
| 653 | _aWomen agency | ||
| 942 |
_2ddc _cBK |
||
| 999 |
_c66006 _d66006 |
||